000 00468nam a2200169Ia 4500
003 GCL
008 140319s9999 xx 000 0 ara d
040 _aGCL /
_cGCL
082 0 4 _a813.03
_bغ خ
100 1 _aغائب طعمة فرمان
245 1 0 _aخمسة اصوات /
_cغائب طعمة فرمان
300 _a302 ص
490 _a
650 0 4 _aالقصص العربية
650 0 4 _aالادب العربى - العصر الحديث
942 _2ddc
_cBK
999 _c39826
_d39826